Modern trends in arbitration : (Record no. 143701)

MARC details
000 -LEADER
fixed length control field 00580nam a22001817a 4500
005 - DATE AND TIME OF LATEST TRANSACTION
control field 20170823120541.0
010 ## - LCCN (DPL NO)
LC control number ENG-120046
020 ## - INTERNATIONAL STANDARD BOOK NUMBER
International Standard Book Number 9788193077221
Terms of availability 495.00
035 ## - SYSTEM CONTROL NUMBER
System control number EN-103578
037 ## - SOURCE OF ACQUISITION
Source of stock number/acquisition DBAD/PUB
082 ## - DEWEY DECIMAL CLASSIFICATION NUMBER
Classification number 331.89143
100 ## - MAIN ENTRY--PERSONAL NAME
Personal name Oberai,Preet Singh
245 ## - TITLE STATEMENT
Title Modern trends in arbitration :
Statement of responsibility, etc by Preet Singh Oberai
Remainder of title special focus on guerilla tacties in arbitration /
260 ## - PUBLICATION, DISTRIBUTION, ETC. (IMPRINT)
Place of publication, distribution, etc Delhi
Name of publisher, distributor, etc Mewar University Press
Date of publication, distribution, etc 2016
270 ## - ADDRESS
Address 4117,Naya Bazar
City Delhi
Postal code 110006
300 ## - PHYSICAL DESCRIPTION
Extent x,270p.
Dimensions 24cm(pbk)
942 ## - ADDED ENTRY ELEMENTS (KOHA)
Source of classification or shelving scheme Dewey Decimal Classification
Item type English Books
Classification part 334.89143
Call number suffix OBE
Holdings
Withdrawn status Lost status Not for loan Collection code Home library Current library Date acquired Source of acquisition Cost, normal purchase price Full call number Barcode Copy number Cost, replacement price Koha item type
    Not For Loan Non-fiction D.B.Act.Division D.B.Act.Division 23/08/2017 DBAD/PUB 495.00 334.89143 OBE EN-103578 1 495.00 English Books

© Delhi Public Library
Hit Counter
free hit counter